| 000 | 00941cab a2200229 4500 | ||
|---|---|---|---|
| 001 | ABS67406 | ||
| 008 | 040128n2003 000 0 eng u | ||
| 035 | _a(Sirsi) u124944 | ||
| 100 | _aStocker, A. | ||
| 245 | _aGive credit where it's due- architects' unease over accreditation scheme | ||
| 260 | _c2003 | ||
| 490 |
_aChurch Building _v (84) November/December 2003, 55(1) |
||
| 520 | _aLooks at recent issues concerning the accreditation scheme of architects involved with building conservation, known as ACCON, a registered company trading as the AABC Register. Particularly debates whether ecclesiastical architects should join the scheme. | ||
| 590 | _aABS | ||
| 650 | _aACCREDITATION SCHEMES | ||
| 650 | _aARCHITECTS | ||
| 650 | _aECCLESIASTICAL PROPERTY | ||
| 650 | _aCHURCH BUILDINGS | ||
| 650 | _aAABC REGISTER | ||
| 690 | _aBUILT ENVIRONMENT-BUILDING MAINTENANCE AND REFURBISHMENT-BUILDING CONSERVATION | ||
| 942 | _n0 | ||
| 999 |
_c74085 _d74085 |
||